| 000 | 01213cam a22003254a 4500 | ||
|---|---|---|---|
| 001 | 12611552 | ||
| 003 | OSt | ||
| 005 | 20160331173236.0 | ||
| 008 | 011206s2002 nyua b 001 0 eng | ||
| 010 | _a 2001058327 | ||
| 020 | _a0333986296 (cloth) | ||
| 020 | _a0333971310 (paper) | ||
| 040 |
_aDLC _cDLC _dDLC |
||
| 042 | _apcc | ||
| 050 | 0 | 0 |
_aJA66 _b.H45 2002 |
| 082 | 0 | 0 |
_a320 _221 _bHEY 2002 |
| 100 | 1 |
_aHeywood, Andrew. _97560 |
|
| 245 | 1 | 0 |
_aPolitics / _cAndrew Heywood. |
| 250 | _a2nd ed. | ||
| 260 |
_aNew York : _bPalgrave, _c2002. |
||
| 300 |
_axvi, 453 p. : _bill. ; _c26 cm. |
||
| 504 | _aIncludes bibliographical references (p. [435]-443) and index. | ||
| 650 | 0 |
_aPolitical science. _96756 |
|
| 856 | 4 | 2 |
_3Contributor biographical information _uhttp://www.loc.gov/catdir/bios/hol051/2001058327.html |
| 856 | 4 | 1 |
_3Table of contents _uhttp://www.loc.gov/catdir/toc/hol031/2001058327.html |
| 856 | 4 | 2 |
_3Publisher description _uhttp://www.loc.gov/catdir/description/hol031/2001058327.html |
| 906 |
_a7 _bcbc _corignew _d1 _eocip _f20 _gy-gencatlg |
||
| 942 |
_2ddc _cSLOAN |
||
| 999 |
_c3380 _d3380 |
||